[Event "Guimaraes op"]
[Site "Guimaraes"]
[Date "2021.08.28"]
[Round "7"]
[White "Mirzoev, Emil"]
[Black "Choukri, Adel"]
[Result "1-0"]
[WhiteElo "2437"]
[BlackElo "2318"]
[PlyCount "199"]
[EventDate "2021.08.24"]
[EventType "swiss"]
[EventRounds "9"]
[EventCountry "POR"]
[SourceTitle "CBM 204 Extra"]
[Source "ChessBase"]
[SourceDate "2021.11.30"]
[SourceVersion "1"]
[SourceVersionDate "2021.11.30"]
[SourceQuality "1"]

1. d4 d5 2. c4 e6 3. Nc3 Nf6 4. cxd5 exd5 5. Bg5 c6 6. e3 Be7 7. Qc2 Nbd7 8. Bd3 Nf8 9. Nge2 Ne6 10. Bh4 g6 11. f3 0-0 12. 0-0-0 b6 13. Kb1 c5 14. dxc5 bxc5 15. Bc4 d4 16. exd4 Nxd4 17. Nxd4 cxd4 18. Ne2 Bf5 19. Bd3 Rc8 20. Qa4 Bxd3+ 21. Rxd3 Nd7 22. Rxd4 Bxh4 23. Rxd7 Qg5 24. Qg4 Qe3 25. Nc1 Qc5 26. Rd2 Bg5 27. Nb3 Qb5 28. f4 Bf6 29. f5 a5 30. fxg6 hxg6 31. Qf3 Qb6 32. Qf2 Qc6 33. Nxa5 Qe4+ 34. Ka1 Bg7 35. Nb3 Ra8 36. Rc2 Ra3 37. Kb1 Raa8 38. Rf1 Qa4 39. Nc1 Bh6 40. a3 Rab8 41. Qf3 Bg7 42. Rff2 Qd4 43. Na2 Qe5 44. h3 Rb5 45. Nb4 Qe1+ 46. Rc1 Qe5 47. Qe2 Qb8 48. Qc4 Qb6 49. Rcf1 Rc5 50. Qb3 Qb7 51. Ka2 Rb5 52. Qc4 Ra5 53. g4 Ra7 54. h4 Rb8 55. Kb1 Rc8 56. Qb3 Qe4+ 57. Ka2 Rc4 58. Rf4 Qxf4 59. Rxf4 Rxf4 60. Nd3 Rfa4 61. h5 gxh5 62. gxh5 Ra8 63. Qb7 Rd8 64. Nb4 Rd2 65. Qc8+ Kh7 66. Qf5+ Kg8 67. Kb3 Ra8 68. Nd3 Rb8+ 69. Ka4 Rd8 70. Ne5 Rxb2 71. Qxf7+ Kh8 72. Ng6+ Kh7 73. Qf3 Bf6 74. Ne7 Kg7 75. h6+ Kf7 76. Nc6 Ra8+ 77. Na5 Rd8 78. Qh5+ Ke6 79. Qg4+ Kf7 80. Qc4+ Kg6 81. Qe4+ Kxh6 82. Nc4 Rbb8 83. Nd6 Ra8+ 84. Kb5 Rdb8+ 85. Kc6 Rxa3 86. Qf4+ Kg6 87. Qg4+ Bg5 88. Qf5+ Kh5 89. Ne4 Ra6+ 90. Kc7 Rg8 91. Qh7+ Bh6 92. Qxg8 Ra7+ 93. Kc6 Rg7 94. Qd5+ Kg6 95. Qe6+ Kh5 96. Qh3+ Kg6 97. Qg4+ Kh7 98. Nf6+ Kh8 99. Qc8+ Rg8 100. Qxg8# 1-0

[Event "Boudiba Memorial"]
[Site "chess24.com INT"]
[Date "2020.06.14"]
[Round "14"]
[White "Abergel, Thal"]
[Black "Choukri, Adel"]
[Result "0-1"]
[WhiteElo "2460"]
[BlackElo "2311"]
[PlyCount "104"]
[EventDate "2020.06.14"]
[EventType "tourn (blitz)"]
[EventRounds "15"]
[EventCountry "ALG"]
[EventCategory "5"]
[SourceTitle "CBM 196 Extra"]
[Source "ChessBase"]
[SourceDate "2020.07.31"]
[SourceVersion "1"]
[SourceVersionDate "2020.07.31"]
[SourceQuality "1"]

1. e4 e6 2. d4 d5 3. Nc3 Bb4 4. a3 Bxc3+ 5. bxc3 dxe4 6. Qg4 Nf6 7. Qxg7 Rg8 8. Qh6 Rg6 9. Qd2 b6 10. Ne2 Bb7 11. Nf4 Rg8 12. Bb2 Qd6 13. 0-0-0 Nc6 14. Rg1 0-0-0 15. g3 Nd5 16. Nxd5 exd5 17. c4 Na5 18. c5 Qc6 19. Qb4 Kb8 20. Kb1 f5 21. Be2 f4 22. gxf4 Qh6 23. cxb6 axb6 24. f5 Qxh2 25. Rxg8 Rxg8 26. f6 Qxf2 27. Bb5 Qxf6 28. Rf1 Qe6 29. Bc3 h5 30. Qa4 h4 31. Bxa5 bxa5 32. Qxa5 h3 33. Qd2 Qb6 34. Qb4 h2 35. Ka2 Rh8 36. Rh1 c6 37. Qd6+ Qc7 38. Qf6 Rh7 39. Ba4 Qe7 40. Qf4+ Qc7 41. Qf8+ Ka7 42. Qf2 Qa5 43. Bb3 Qc7 44. Qd2 Ba6 45. Qc3 Qb6 46. Qg3 Qxd4 47. Qg8 Qg7 48. Qxg7+ Rxg7 49. Rxh2 Kb6 50. Rh4 e3 51. Rh1 e2 52. Kb2 Rf7 0-1

[Event "FRA-ch Blitz Online Qual"]
[Site "Europe Echecs INT"]
[Date "2020.05.16"]
[Round "9"]
[White "Choukri, Adel"]
[Black "Velten, Paul"]
[Result "0-1"]
[WhiteElo "2311"]
[BlackElo "2480"]
[PlyCount "124"]
[EventDate "2020.05.16"]
[EventType "swiss (blitz)"]
[EventRounds "15"]
[EventCountry "FRA"]
[SourceTitle "CBM 196 Extra"]
[Source "ChessBase"]
[SourceDate "2020.07.31"]
[SourceVersion "1"]
[SourceVersionDate "2020.07.31"]
[SourceQuality "1"]

1. e4 c6 2. d4 d5 3. Nd2 dxe4 4. Nxe4 Nf6 5. Ng5 h6 6. Nxf7 Kxf7 7. Nf3 e6 8. Ne5+ Kg8 9. Bc4 Bd6 10. Ng6 Rh7 11. 0-0 Na6 12. Qe2 Nc7 13. Bb3 a5 14. a4 Nfd5 15. c4 Nb4 16. Bf4 Bxf4 17. Nxf4 g5 18. Nh5 Ne8 19. f4 b6 20. fxg5 hxg5 21. Rf2 Qxd4 22. Raf1 Rf7 23. Kh1 Rxf2 24. Rxf2 Ra7 25. c5 Rf7 26. Rxf7 Kxf7 27. cxb6 Qxb6 28. Qe5 Qf2 29. h3 Nd5 30. Qh8 Ke7 31. Qh7+ Kd8 32. Qg8 Qe1+ 33. Kh2 Qe5+ 34. Kh1 Nf4 35. Nxf4 Qxf4 36. Bxe6 Qc1+ 37. Kh2 Qf4+ 38. Kh1 Bxe6 39. Qxe6 Qd6 40. Qe1 Qd5 41. b4 axb4 42. Qxb4 Nc7 43. Qf8+ Kd7 44. Qg7+ Kc8 45. Qh8+ Kb7 46. Qb2+ Ka6 47. Qb4 Ne6 48. Kh2 Nf4 49. Qb2 Ka5 50. h4 gxh4 51. Qc3+ Kxa4 52. Qc2+ Ka5 53. Qc3+ Ka6 54. Qa3+ Kb6 55. Qb4+ Kc7 56. Qxf4+ Qd6 57. g3 Qxf4 58. gxf4 c5 59. Kh3 c4 60. Kxh4 c3 61. Kg3 c2 62. Kf2 c1Q 0-1

[Event "Split op 9th"]
[Site "Split"]
[Date "2019.08.06"]
[Round "4"]
[White "Choukri, Adel"]
[Black "Ivekovic, Tihana"]
[Result "0-1"]
[WhiteElo "2341"]
[BlackElo "2147"]
[PlyCount "64"]
[EventDate "2019.08.03"]
[EventType "swiss"]
[EventRounds "9"]
[EventCountry "CRO"]
[SourceTitle "CBM 191 Extra"]
[Source "ChessBase"]
[SourceDate "2019.09.30"]
[SourceVersion "1"]
[SourceVersionDate "2019.09.30"]
[SourceQuality "1"]

1. Nf3 d5 2. g3 Nf6 3. Bg2 e6 4. c4 Be7 5. 0-0 0-0 6. b3 d4 7. e3 c5 8. exd4 cxd4 9. Bb2 Nc6 10. Re1 Re8 11. d3 Bb4 12. Nbd2 a5 13. a3 Bf8 14. Ne5 Nxe5 15. Rxe5 Nd7 16. Rb5 Nc5 17. Ne4 Na6 18. b4 Nc7 19. Rxa5 Rxa5 20. bxa5 e5 21. Qd2 Ne6 22. f4 exf4 23. gxf4 g6 24. Ng5 Nxg5 25. fxg5 Re5 26. Qf4 Rxg5 27. Bxd4 Rg4 28. Bf6 Qxd3 29. Qf2 Bf5 30. h3 Qxh3 31. Re1 Rxg2+ 32. Qxg2 Bc5+ 0-1

[Event "Montigny le Bretonneux 3rd"]
[Site "Montigny le Bretonneux"]
[Date "2016.10.30"]
[Round "9"]
[White "Dimitrov, Atanas Valtchev"]
[Black "Choukri, Adel"]
[Result "0-1"]
[WhiteElo "2301"]
[BlackElo "2265"]
[PlyCount "78"]
[EventDate "2016.10.22"]
[EventType "tourn"]
[EventRounds "9"]
[EventCountry "FRA"]
[EventCategory "4"]
[SourceTitle "CBM 175 Extra"]
[Source "ChessBase"]
[SourceDate "2016.12.12"]
[SourceVersion "1"]
[SourceVersionDate "2016.12.12"]
[SourceQuality "1"]

1. d4 Nf6 2. g3 g6 3. Bg2 Bg7 4. e4 d6 5. Ne2 0-0 6. 0-0 c6 7. Nbc3 Nbd7 8. a4 a5 9. h3 Rb8 10. f4 Ne8 11. Be3 f5 12. d5 c5 13. e5 dxe5 14. fxe5 b6 15. e6 Ndf6 16. Nb5 Ba6 17. Nec3 Nd6 18. Nxd6 exd6 19. Re1 Qe7 20. Bf3 h6 21. Qd2 Kh7 22. Rad1 g5 23. Be2 Bxe2 24. Qxe2 g4 25. Qd3 Nh5 26. hxg4 Bxc3 27. bxc3 Nxg3 28. Kg2 Ne4 29. Rh1 Rf6 30. Bxh6 Rxh6 31. Rxh6+ Kxh6 32. Rh1+ Kg7 33. Qh3 Qg5 34. Qh7+ Kf6 35. Qf7+ Ke5 36. Qxf5+ Qxf5 37. gxf5 Nxc3 38. e7 Re8 39. Rh6 Rxe7 0-1

[Event "Montigny le Bretonneux 3rd"]
[Site "Montigny le Bretonneux"]
[Date "2016.10.24"]
[Round "3"]
[White "Choukri, Adel"]
[Black "Philippe, Guillaume"]
[Result "0-1"]
[WhiteElo "2265"]
[BlackElo "2319"]
[PlyCount "90"]
[EventDate "2016.10.22"]
[EventType "tourn"]
[EventRounds "9"]
[EventCountry "FRA"]
[EventCategory "4"]
[SourceTitle "CBM 175 Extra"]
[Source "ChessBase"]
[SourceDate "2016.12.12"]
[SourceVersion "1"]
[SourceVersionDate "2016.12.12"]
[SourceQuality "1"]

1. d4 f5 2. Nf3 Nf6 3. g3 g6 4. Bg2 Bg7 5. 0-0 0-0 6. c4 d6 7. Nc3 c6 8. Rb1 a5 9. b3 Na6 10. a3 Bd7 11. b4 axb4 12. axb4 Nc7 13. b5 cxb5 14. cxb5 Ne4 15. Nxe4 fxe4 16. b6 Nb5 17. Ng5 d5 18. Qb3 e6 19. Nxe6 Bxe6 20. Qxb5 Bxd4 21. e3 Bf6 22. Bb2 Ra6 23. Qb4 Bg4 24. Bxf6 Rxf6 25. Qd4 Be2 26. Rfc1 Bd3 27. Rb3 Raxb6 28. Rbc3 Rfc6 29. Bh3 Rxc3 30. Qxc3 Rc6 31. Qa1 Rxc1+ 32. Qxc1 b5 33. Be6+ Kg7 34. h4 Bc4 35. Qa1+ Qf6 36. Qa7+ Kh6 37. Bg8 Qg7 38. Qb8 Qa1+ 39. Kh2 Qf6 40. Kg1 Kg7 41. Qa8 Qe5 42. Qc8 Qa1+ 43. Kh2 Qf6 44. Kg1 Qf8 45. Qe6 h5 0-1

[Event "Biel MTO op 49th"]
[Site "Biel"]
[Date "2016.07.25"]
[Round "1"]
[White "Balogh, Csaba"]
[Black "Choukri, Adel"]
[Result "1-0"]
[WhiteElo "2635"]
[BlackElo "2256"]
[PlyCount "249"]
[EventDate "2016.07.25"]
[EventType "swiss"]
[EventRounds "9"]
[EventCountry "SUI"]
[SourceTitle "CBM 173 Extra"]
[Source "ChessBase"]
[SourceDate "2016.08.29"]
[SourceVersion "1"]
[SourceVersionDate "2016.08.29"]
[SourceQuality "1"]

1. e4 e6 2. d4 d5 3. Nd2 Nf6 4. e5 Nfd7 5. Bd3 c5 6. c3 Nc6 7. Ne2 cxd4 8. cxd4 f6 9. exf6 Nxf6 10. Nf3 Bd6 11. 0-0 Qc7 12. h3 0-0 13. Be3 Bd7 14. Re1 h6 15. Nh4 Be8 16. Rc1 g5 17. Ng6 Bxg6 18. Bxg6 Qg7 19. Bb1 Ne7 20. Ng3 Qf7 21. Qd3 Bxg3 22. fxg3 Nf5 23. g4 Nd6 24. Bf2 Nde4 25. Bg3 Rac8 26. Rxc8 Rxc8 27. Rf1 Qe7 28. Qe3 Nxg3 29. Qxg3 Nd7 30. Qd3 Qg7 31. Qe3 Nf8 32. Bd3 Rc7 33. g3 Rf7 34. Rc1 Rc7 35. Re1 Rf7 36. Kg2 Rc7 37. Rh1 Re7 38. h4 gxh4 39. Rxh4 Qg5 40. Kf3 e5 41. dxe5 Rxe5 42. Qxg5+ hxg5 43. Rh1 Ne6 44. Rc1 Kg7 45. b4 Kf6 46. Rh1 Nf8 47. Bf5 Re7 48. Rh6+ Ke5 49. Ke3 Ne6 50. Kd3 a5 51. a3 axb4 52. axb4 Nd4 53. Rg6 Nc6 54. b5 Na7 55. Rb6 d4 56. Be4 Rc7 57. Bxb7 Rc3+ 58. Kd2 Rxg3 59. Ra6 Nxb5 60. Ra5 Rb3 61. Bc6 Kf4 62. Bxb5 Kxg4 63. Bd7+ Kf4 64. Rf5+ Ke4 65. Rxg5 Rb2+ 66. Kc1 Rh2 67. Bc6+ Kd3 68. Rg3+ Kc4 69. Bg2 Rh7 70. Kd2 Rf7 71. Bf3 Re7 72. Be2+ Kd5 73. Rg5+ Re5 74. Bf3+ Kd6 75. Rg6+ Re6 76. Rg8 Re3 77. Rf8 Ra3 78. Be4 Ke5 79. Re8+ Kd6 80. Bh1 Rh3 81. Bb7 Rb3 82. Ba6 Re3 83. Rd8+ Kc5 84. Rc8+ Kd6 85. Rh8 Rg3 86. Rh6+ Kc5 87. Rh5+ Kd6 88. Bc4 Kc6 89. Rd5 Rg6 90. Kd3 Rg1 91. Rh5 Rd1+ 92. Ke4 Rg1 93. Bd5+ Kc5 94. Bb7+ Kb6 95. Bd5 Kc5 96. Be6+ Kd6 97. Bc4 Rg4+ 98. Kd3 Rf4 99. Bd5 Rf1 100. Be4 Rd1+ 101. Kc4 Ra1 102. Rd5+ Ke6 103. Bf5+ Kf6 104. Kxd4 Ra4+ 105. Ke3 Ra3+ 106. Kf4 Ra4+ 107. Be4 Ke6 108. Rh5 Ra1 109. Rh6+ Kd7 110. Ke5 Kc7 111. Rc6+ Kd7 112. Rb6 Rc1 113. Rh6 Re1 114. Rh7+ Ke8 115. Kd5 Kf8 116. Ra7 Kg8 117. Ke5 Re2 118. Kf5 Kf8 119. Bd5 Ke8 120. Kf6 Kd8 121. Be6 Rc2 122. Rd7+ Ke8 123. Rd6 Rf2+ 124. Bf5 Re2 125. Bg6+ 1-0

[Event "Vandoeuvre op 12th"]
[Site "Vandoeuvre"]
[Date "2015.12.19"]
[Round "1"]
[White "Bauer, Christian"]
[Black "Choukri, Adel"]
[Result "1-0"]
[WhiteElo "2624"]
[BlackElo "2199"]
[PlyCount "59"]
[EventDate "2015.12.19"]
[EventType "swiss"]
[EventRounds "9"]
[EventCountry "FRA"]
[SourceTitle "EXT 2017"]
[Source "ChessBase"]
[SourceDate "2016.10.25"]
[SourceVersion "1"]
[SourceVersionDate "2016.10.25"]
[SourceQuality "1"]

1. e4 e6 2. Qe2 Ne7 3. Nf3 d5 4. d4 b6 5. Bg5 Ba6 6. Qe3 Bxf1 7. Rxf1 dxe4 8. Qxe4 Qd5 9. Nc3 Qxe4+ 10. Nxe4 h6 11. Bd2 Nbc6 12. c4 Nf5 13. Bc3 Bb4 14. Bxb4 Nxb4 15. Kd2 Nc6 16. Kc3 Rd8 17. Rad1 f6 18. Rfe1 Kf7 19. h4 Nd6 20. h5 Nxe4+ 21. Rxe4 Rd6 22. Rde1 Rhd8 23. b4 Ne7 24. a4 c5 25. bxc5 bxc5 26. d5 e5 27. Nd2 Nf5 28. f4 exf4 29. Rxf4 Ng3 30. Rf3 1-0

[Event "Wch Blitz 9th"]
[Site "Berlin"]
[Date "2015.10.13"]
[Round "9"]
[White "Choukri, Adel"]
[Black "Camacho Collados, Jose"]
[Result "1-0"]
[WhiteElo "2199"]
[BlackElo "2383"]
[PlyCount "105"]
[EventDate "2015.10.13"]
[EventType "swiss (blitz)"]
[EventRounds "21"]
[EventCountry "GER"]
[SourceTitle "CBM 168 Extra"]
[Source "ChessBase"]
[SourceDate "2015.10.29"]
[SourceVersion "1"]
[SourceVersionDate "2015.10.29"]
[SourceQuality "1"]

1. e4 c5 2. Nf3 Nc6 3. d4 cxd4 4. Nxd4 Nf6 5. Nc3 e6 6. Nxc6 bxc6 7. Bd3 d5 8. 0-0 Be7 9. Qf3 Nd7 10. Qg3 0-0 11. e5 f5 12. f4 c5 13. b3 a5 14. Kh1 Ba6 15. a4 c4 16. bxc4 dxc4 17. Be2 Nc5 18. Rd1 Qe8 19. Be3 Rd8 20. Qf2 Qc6 21. Bf3 Ne4 22. Nxe4 fxe4 23. Bg4 c3 24. Bd4 Bg5 25. Qe3 Bxf4 26. Qxc3 Qe8 27. Qb3 Bc8 28. Bc5 Rxd1+ 29. Rxd1 Rf7 30. Bb6 Bd7 31. Rxd7 Qxd7 32. Qxe6 Bxe5 33. Qxd7 Rxd7 34. Bxd7 Bc3 35. Bc6 Kf7 36. Bxe4 g6 37. g3 Ke6 38. Kg2 Ke5 39. Bd3 Kd5 40. Kf3 Kc6 41. Bf2 Kd5 42. h4 Be5 43. Be1 Bc7 44. g4 Kd4 45. h5 gxh5 46. gxh5 h6 47. Bd2 Be5 48. Bxh6 Kc3 49. Ke4 Bh8 50. Kf5 Kb4 51. Kg6 Bd4 52. Bb5 Kc3 53. Bg7 1-0

[Event "Wch Blitz 9th"]
[Site "Berlin"]
[Date "2015.10.13"]
[Round "1"]
[White "Kryvoruchko, Yuriy"]
[Black "Choukri, Adel"]
[Result "1-0"]
[WhiteElo "2710"]
[BlackElo "2199"]
[PlyCount "93"]
[EventDate "2015.10.13"]
[EventType "swiss (blitz)"]
[EventRounds "21"]
[EventCountry "GER"]
[SourceTitle "CBM 168 Extra"]
[Source "ChessBase"]
[SourceDate "2015.10.29"]
[SourceVersion "1"]
[SourceVersionDate "2015.10.29"]
[SourceQuality "1"]

1. e4 e6 2. d4 d5 3. Nd2 Nf6 4. e5 Nfd7 5. Bd3 c5 6. c3 Nc6 7. Ne2 cxd4 8. cxd4 f6 9. exf6 Nxf6 10. 0-0 Bd6 11. Nf3 Qc7 12. g3 0-0 13. Bf4 Ng4 14. Rc1 Bxf4 15. Nxf4 Rxf4 16. gxf4 Qxf4 17. h3 e5 18. hxg4 e4 19. Be2 Qxg4+ 20. Kh1 exf3 21. Bxf3 Qh4+ 22. Kg1 Qg5+ 23. Bg2 Bg4 24. Qb3 Rd8 25. Qe3 Qg6 26. Rc5 Rf8 27. f4 Bf5 28. Rxd5 Re8 29. Qf2 Be4 30. Rg5 Qf6 31. Rd1 h6 32. Rg3 Bf5 33. Re3 Rd8 34. d5 Ne7 35. Re5 Ng6 36. Rf1 Bg4 37. Qg3 Nxe5 38. fxe5 Qb6+ 39. Kh2 h5 40. e6 Qxb2 41. e7 Re8 42. d6 Qd4 43. Qf4 Qxf4+ 44. Rxf4 Bd7 45. Bd5+ Kh7 46. Rf8 Kh6 47. Bf7 1-0

[Event "Wch Blitz 9th"]
[Site "Berlin"]
[Date "2015.10.13"]
[Round "6"]
[White "Maze, Sebastien"]
[Black "Choukri, Adel"]
[Result "1/2-1/2"]
[WhiteElo "2582"]
[BlackElo "2199"]
[PlyCount "124"]
[EventDate "2015.10.13"]
[EventType "swiss (blitz)"]
[EventRounds "21"]
[EventCountry "GER"]
[SourceTitle "CBM 168 Extra"]
[Source "ChessBase"]
[SourceDate "2015.10.29"]
[SourceVersion "1"]
[SourceVersionDate "2015.10.29"]
[SourceQuality "1"]

1. e4 e6 2. d4 d5 3. Nc3 Bb4 4. exd5 exd5 5. Bd3 Nf6 6. a3 Be7 7. Nge2 c6 8. 0-0 0-0 9. f3 Re8 10. g4 Be6 11. Ng3 Qb6 12. Nce2 Bf8 13. Kg2 g6 14. g5 Nfd7 15. f4 Bg4 16. h3 Bxe2 17. Nxe2 f5 18. gxf6 Nxf6 19. f5 Ne4 20. fxg6 hxg6 21. c3 Nd7 22. Nf4 Qc7 23. Qg4 Bg7 24. Nxg6 Ndf6 25. Qh4 Qf7 26. Ne5 Qh5 27. Qxh5 Nxh5 28. Ng4 Re6 29. Be3 Rae8 30. Rae1 b5 31. Bc1 a5 32. Rf5 Nhg3 33. Rf3 Nh5 34. Bxe4 dxe4 35. Rf5 Nf6 36. Nxf6+ Bxf6 37. Ref1 Bg7 38. Be3 Rg6+ 39. Rg5 Rxg5+ 40. Bxg5 b4 41. axb4 axb4 42. Be3 Ra8 43. Rf2 bxc3 44. bxc3 Ra1 45. Kg3 Re1 46. Bd2 Rg1+ 47. Kf4 Rh1 48. Kxe4 Rxh3 49. Rg2 Kf7 50. Be3 Bf6 51. c4 Rh4+ 52. Kd3 Rh3 53. Rf2 Ke6 54. Ke4 Rh4+ 55. Kd3 Rh3 56. Rg2 Kf7 57. Rg4 Ke6 58. Ke4 Rh4 59. Rxh4 Bxh4 60. Bf4 Bf6 61. Kd3 Bg7 62. Ke4 Bf6 1/2-1/2